000 00495nam a2200145Ia 4500
008 230917s9999||||xx |||||||||||||| ||und||
040 _e175768
_aMAIN
041 _aEnglish
082 _a891.4317409358 GS42S
100 _aगम्भीर, एस
245 0 _aसाठोत्तर हिन्दी काव्य मैं राजनीतिक चेतना
260 _aकानपुर
_bविद्या विहार
_c1992
300 _a263 पृ. p.
942 _cHN
999 _c65388
_d65388